01822nam a2200349 i 4500003000900000005001700009007000300026008004100029020001800070040003000088082002900118100003200147240003700179245006200216264005100278300002700329336002700356337003300383338002800416500007100444500005500515500002600570520053700596590002701133650002501160650002901185700003401214910004701248942001401295952014601309999001701455DO-SdBNP20240305135508.0ta110113s2017 sp r 000 f spa d a9788401019609 aDO-SdBNPbspacBNPHUerda 4a823.914bF667p, 20172221 aFollett, Ken,d1949-91302210aA world without end lEspañol.10aUn mundo sin fin /cKen Follett ; traducción de Anuvela 1aBarcelona, España :bPlaza & Janés,c2017. a1178 páginasc24 cm. 2rdacontentatextobtxt 2rdamediaasin mediaciónbn 2rdacurrieravolumenbnc aIncluye datos biográficos del autor en la solapa de la cubierta  aLa continuación de ¨Los pilares de la tierra¨  aLibro de pasta dura.  aKen Follett vuelve al fascinante universo de Kingsbridge dos siglos después de la construcción de su majestuoso templo gótico. La catedral y el priorato ocupan de nuevo el centro de una encrucijada de amor y de odio, orgullo y codicia, en que defensores a ultranza de las viejas costumbres luchan con saña contra las mentes más progresistas. La intriga y la tensión llegan rápidamente a límites insoportables con el devastador telón de fondo de la peste negra, que aniquiló a la mitad de la población europea.  aInventariado, 2023/ YL 4aNovela inglesa91075 4aLiteratura inglesa910741 aAnuvelaetraducción 948975 aYLockward/Validado. Control de calidad MFF 2ddccLBS1 00102ddc56708GRaBNPHUbBNPHUcHDd2019-02-02eLibrería Cuestal0oBNPHU GR 823.914 F667p 2017p2023-7030r2023-10-19w2023-10-19yLBS1 c55200d55200